Modelos para el cálculo del diámetro óptimo en tuberías por gravedad o bombeo : análisis de regresión del comportamiento de costos y programas de cómputo
Spremljeno u:
| Glavni autor: | |
|---|---|
| Format: | Knjiga |
| Izdano: |
[San José , Costa Rica]
1986
|
| Teme: | |
| Oznake: |
Dodaj oznaku
Bez oznaka, Budi prvi tko označuje ovaj zapis!
|
MARC
| LEADER | 00000nam a2200000Ia 4500 | ||
|---|---|---|---|
| 003 | 004167 | ||
| 005 | 20240821113852.0 | ||
| 008 | 140114s1986 cr a m 000 ||s d | ||
| 040 | |c cru CEDI | ||
| 090 | |a TFG 1874 | ||
| 100 | |a Alvarado Villalobos, Guido Alberto,1963-2012 |9 3565 | ||
| 245 | |a Modelos para el cálculo del diámetro óptimo en tuberías por gravedad o bombeo : análisis de regresión del comportamiento de costos y programas de cómputo | ||
| 260 | |a [San José , Costa Rica] |c 1986 | ||
| 300 | |a iii, 210 hojas : ilustraciones ; 28 cm | ||
| 500 | |a Tesis (licenciatura en ingeniería civil)--Universidad de Costa Rica. Facultad de Ingeniería. Escuela de Ingeniería Civil | ||
| 501 | |a Director de Tesis de Graduación: Ing. Napoleón Cruz | ||
| 650 | |x TUBERIAS |x COSTA RICA |9 14058 | ||
| 942 | |c TFG |h TFG 1874 |i 004167 |6 TFG_1874_004167000000000 | ||
| 999 | |c 20859 |d 20859 | ||
